LIBRARY & INFORMATION CENTRE, KCAET, TAVANUR

ONLINE PUBLIC ACCESS CATALOGUE (OPAC)

Mathematical tool kit for engineers / (Record no. 5281)

MARC details
000 -LEADER
fixed length control field 00410cam a2200169ua 4500
041 ## - LANGUAGE CODE
Language code of text/sound track or separate title eng
082 ## - DEWEY DECIMAL CLASSIFICATION NUMBER
Classification number 510.2462
Item number WEB/MA
100 ## - MAIN ENTRY--AUTHOR NAME
Personal name Webe, H A .
245 ## - TITLE STATEMENT
Title Mathematical tool kit for engineers /
250 ## - EDITION STATEMENT
Edition statement 2 /
260 ## - PUBLICATION, DISTRIBUTION, ETC. (IMPRINT)
Place of publication London :
Name of publisher Longman ,
Year of publication 1959.
300 ## - PHYSICAL DESCRIPTION
Number of Pages 116 ; .
700 1# - ADDED ENTRY--PERSONAL NAME
Personal name Ashwell, D E .
942 ## - ADDED ENTRY ELEMENTS (KOHA)
Koha item type Books
Holdings
Withdrawn status Lost status Damaged status Home library Current library Date acquired Full call number Accession Number Koha item type
      KAUAET KAUAET 07/04/2012 510.2462 3895 Books
free website counter